Eurovision Song Lyrics - Slovenia - Statistics

General Stats
  • This quiz has been taken 18 times
  • The average score is 106 of 228
Answer Stats
Answer % Correct
Mi
77%
s
77%
bo
69%
bo)
69%
če
69%
in
69%
In
69%
na
69%
se
69%
še
69%
v
69%
(A,
62%
a,
62%
a)
62%
(A-a)
62%
bom
62%
bomo
62%
celo
62%
da
62%
Da
62%
(Da
62%
ne
62%
Ne
62%
noč
62%
Ti
62%
ti
62%
Igra
54%
igrali
54%
ko
54%
nas
54%
nas,
54%
plesali
54%
za
54%
do
46%
je
46%
jutri
46%
le
46%
Ljubili
46%
pod
46%
računajte
46%
več
46%
810.000
38%
(An
38%
besed,
38%
bi
38%
gore
38%
hvala
38%
led
38%
lepa
38%
mogoče
38%
nebo
38%
pa
38%
Si
38%
sovraštva
38%
tanek
38%
vas,
38%
Vedno
38%
ban,
31%
bežimo
31%
delat'
31%
duša
31%
jutra
31%
Kot
31%
kot
31%
let
31%
malo
31%
moraš
31%
nogami
31%
preživiš
31%
res
31%
smo
31%
želiš?
31%
žge
31%
zore
31%
glas
23%
(Jaz
23%
loviš,
23%
manj
23%
očeh
23%
Prvi
23%
samo
23%
samo,
23%
ves
23%
zadiha
23%
žar
23%
Živeli,
23%
dobiš
15%
ničesar
15%
pet
15%
podgan)
15%
prepiha
15%
prižgala
15%
šteli
15%
tega
15%
ur
15%
večni
15%
vse)
15%
vzel
15%
blišč
8%
bolj
8%
kradel
8%
magije
8%
objame
8%
objema
8%
odplaknil
8%
plesišč
8%
Preskakovali
8%
Sprejeli,
8%
srečni
8%
Tema
8%
Vso
8%
dеž
0%
Prеskakovali
0%
No matching quizzes found
Score Distribution
Percent of People with Each Score
Percentile by Number Answered
Your Score History
You have not taken this quiz